Ars rhetorica. Antica e nuova.
Αποθηκεύτηκε σε:
| Συγγραφή απο Οργανισμό/Αρχή: | |
|---|---|
| Μορφή: | Βιβλίο |
| Έκδοση: |
Genova, Italia:
Istituto di Filologia Classica e Medievale,
1983.
|
| Θέματα: | |
| Ετικέτες: |
Προσθήκη ετικέτας
Δεν υπάρχουν, Καταχωρήστε ετικέτα πρώτοι!
|
MARC
| LEADER | 00000nam a22000007a 4500 | ||
|---|---|---|---|
| 003 | CL-VaPUC | ||
| 005 | 20220822114553.0 | ||
| 008 | 220707t1983 ||||| |||| 00| 0 eng d | ||
| 999 | |c 436807 |d 436805 | ||
| 040 | |c Pontificia Universidad Católica de Valparaíso | ||
| 082 | 7 | |a 808 UNI 1983 |2 22 | |
| 110 | |a Università di Genova. |b Facoltà di Lettere. |9 872429 | ||
| 245 | |a Ars rhetorica. |b Antica e nuova. | ||
| 260 | |a Genova, Italia: |b Istituto di Filologia Classica e Medievale, |c 1983. | ||
| 300 | |a 159 páginas. | ||
| 500 | |a c.1- Donación Familia Prof. Alejandro Guzmán Brito. | ||
| 583 | |c 20220707 |k Cristina María Rojas Aguilar | ||
| 650 | |a Retórica |x Congresos |9 872569 | ||
| 650 | |a Oratoria |x Congresos |9 872570 | ||
| 650 | |a Retórica |x Griego |x Latín |x Antiguedad |9 872571 | ||
| 942 | |2 ddc |c BK |n 0 | ||
| 952 | |0 0 |1 0 |2 ddc |4 0 |6 808_000000000000000_UNI_1983 |7 0 |8 C_AGB |9 584537 |a BIBDER |b BIBDER |d 2022-07-07 |e Donación |i 5652597 |o 808 UNI 1983 |p 5652597 |r 2023-01-25 |t 1 |w 2022-07-07 |y BK_US |k AGB | ||